Build An Epic Career (Record no. 369879)

MARC details
000 -LEADER
fixed length control field 00440nam a2200169 4500
005 - DATE AND TIME OF LATEST TRANSACTION
control field 20260113173034.0
008 - FIXED-LENGTH DATA ELEMENTS--GENERAL INFORMATION
fixed length control field 260113b |||||||| |||| 00| 0 eng d
020 ## - INTERNATIONAL STANDARD BOOK NUMBER
International Standard Book Number 978-0-670-09982-5
041 ## - LANGUAGE CODE
Language code of text/sound track or separate title English
082 ## - DEWEY DECIMAL CLASSIFICATION NUMBER
Classification number X 331.702 WAR
Item number B12170
100 ## - MAIN ENTRY--PERSONAL NAME
Author Warikoo, Ankur
245 ## - TITLE STATEMENT
Title Build An Epic Career
260 ## - PUBLICATION, DISTRIBUTION, ETC.
Place of publication, distribution, etc. New Delhi
Name of publisher, distributor, etc. Penguin Business
Date of publication, distribution, etc. 2025
300 ## - PHYSICAL DESCRIPTION
Extent x,255p
Other physical details pb
365 ## - TRADE PRICE
Price type code Rupaye
Price amount 238
Currency code INR
942 ## - ADDED ENTRY ELEMENTS (KOHA)
Koha item type Books
Holdings
Withdrawn status Lost status Source of classification or shelving scheme Damaged status Not for loan Collection code Home library Current library Date acquired Vendor Net Price Bill number Total Checkouts Full call number Barcode Date last seen Discount Actual Price Bill Date Koha item type Original Barcode
    Dewey Decimal Classification     Non-fiction Smt. Bakul Tambat Institute of Nursing Education Smt. Bakul Tambat Institute of Nursing Education 30/12/2025 Amazon(online) 171-8166755-5088351 226.10 DED4-4449435   X 331.702 WAR B12170 BTIN-BK-12170 13/01/2026 11.90 238.00 18/12/2025 Books BTIN-BK-12170